| 000 | 01200cam a22002654a 4500 | ||
|---|---|---|---|
| 005 | 20151215074021.0 | ||
| 008 | 090813s2008 ck ab b 000 0 spa | ||
| 020 | _a9789584436405 | ||
| 040 |
_aDLC _cDLC _dCO-BoIAVH |
||
| 041 | 0 |
_aspa _beng |
|
| 044 | _ack | ||
| 082 | 0 | 4 |
_a338.17373 _bO83p |
| 245 | 0 | 0 |
_aPaisaje cultural cafetero : _bRisaralda, Colombia / _c[Jorge Enrique Osorio Velásquez, Álvaro Acevedo Tarazona, editores]. |
| 250 | _a1. ed. | ||
| 260 |
_aPereira, Risaralda, Colombia : _bUniversidad Católica Popular del Risaralda : _bUniversidad Tecnológica de Pereira : _bCorporación Autónoma Regional del Risaralda, _cc2008. |
||
| 300 |
_a257 páginas : _bilustraciones (algunas a color), mapas ; _c28 x 22 cm. |
||
| 504 | _aIncluye referencias bibliográficas. | ||
| 546 | _aResúmenes algunos en Inglés. | ||
| 650 | 6 |
_aConservación de los bienes culturales _zColombia _zRisaralda (Departmento) |
|
| 650 | 6 |
_aCafé _zColombia _zRisaralda (Departmento) |
|
| 650 | 6 |
_aBienes culturales _zColombia _zRisaralda (Departmento) |
|
| 700 | 1 |
_aOsorio Velásquez, Jorge Enrique. _eEditor |
|
| 700 | 1 |
_aAcevedo Tarazona, Alvaro. _eEditor |
|
| 942 |
_2ddc _cLIBRO |
||
| 999 |
_c6897 _d6897 |
||